000 00895nam a2200169 a 4500
008 120416s2010 ||||||||||||||||| || u
050 _aCBU(05)C/2010/1/2
110 _aCopperbelt University
245 1 0 _aCBU Courier : No. 2 Vol. 1 Dec. 2009
_cBy The Copperbelt University(CBU)
260 _aKitwe
_bCopperbelt University
_c2010
300 _a[various pages]
350 _a0.00
650 _aCOPPERBELT UNIVERSITY--PERIODICALS
995 _aSPECIAL COLLECTIONS
_D0.00
_e03006779
_FCBU-MAIN LIBRARY (Kitwe)
_H1
_I0.00
_jCBU(05)C/2009/1/2A
_M1
_UAVAILABLE
_WJul 12, 2010
_y03006779
_ZUniversity Collection
995 _aSPECIAL COLLECTIONS
_e4908
_FCBU-MAIN LIBRARY (Kitwe)
_I0.00
_jCBU(05)C/2009/1/2B
_M2
_UAVAILABLE
_WJul 12, 2022
_yB4908
_ZUniversity Collection
995 _aSPECIAL COLLECTIONS
_e4909
_FCBU-MAIN LIBRARY (Kitwe)
_I0.00
_jCBU(05)C/2009/1/2C
_M3
_UAVAILABLE
_WJul 12, 2022
_yB4909
_ZUniversity Collection
999 _c79221
_d79221